Textbook of engineering geology (Record no. 194288)

000 -LEADER
fixed length control field 00435nam a2200157Ia 4500
008 - FIXED-LENGTH DATA ELEMENTS--GENERAL INFORMATION
fixed length control field 221229s9999 xx 000 0 und d
020 ## - INTERNATIONAL STANDARD BOOK NUMBER
International Standard Book Number 9789380856278
082 ## - DEWEY DECIMAL CLASSIFICATION NUMBER
Classification number 624.151 KES
100 ## - MAIN ENTRY--PERSONAL NAME
Personal name Keshavulu, Chenna, N
9 (RLIN) 14297
245 #0 - TITLE STATEMENT
Title Textbook of engineering geology
250 ## - EDITION STATEMENT
Edition statement 2nd
260 ## - PUBLICATION, DISTRIBUTION, ETC.
Place of publication, distribution, etc. Bangalore
Name of publisher, distributor, etc. Trinity Publication
Date of publication, distribution, etc. 2017
300 ## - PHYSICAL DESCRIPTION
Extent XIV, 449p.
Other physical details Rs. 395.00
650 ## - SUBJECT ADDED ENTRY--TOPICAL TERM
Topical term or geographic name entry element Engineering geology
9 (RLIN) 14298
942 ## - ADDED ENTRY ELEMENTS (KOHA)
Koha item type
Holdings
Withdrawn status Lost status Damaged status Not for loan Home library Current library Date acquired Total Checkouts Full call number Barcode Date last seen Date last checked out Price effective from Koha item type
        Central Library Central Library 12/29/2022 1 624.151 KES 24801 05/03/2023 04/05/2023 12/29/2022 Books

Powered by Koha